00363nam a2200121Ia 4500008004100000082002000041100001200061245002800073260003000101300001000131630001800141650008200159211122s9999||||xx |||||||||||||| ||und|| a894.8123bANA-S aAnand,  0aSamharathinte Pusthakam bD c BooksaKottayamc2005 a103p. xGeneral Stack aMalayalam LiteraturevMalayalam FictionMalayalam NovelsShort StoriesMalayalam